[Event "USCL 2007"]
[Site "ICC INT"]
[Date "2007.10.17"]
[Round "8"]
[White "Pruess,D"]
[Black "Schroer,J"]
[Result "1/2-1/2"]
[WhiteElo "2424"]
[BlackElo "2354"]

1.e4 e5 2.Nf3 Nc6 3.Bb5 a6 4.Ba4 Nf6 5.O-O Be7 6.Re1 b5 7.Bb3 O-O 8.c3 d6
9.h3 Bb7 10.d4 Re8 11.a4 h6 12.Qd3 exd4 13.axb5 axb5 14.Rxa8 Qxa8 15.cxd4 Nb4
16.Qxb5 Bxe4 17.Qxb4 Bxb1 18.Qc4 d5 19.Qxc7 Be4 20.Ne5 Qc8 21.Qxc8 Rxc8 22.Bd2 Rb8
23.Re3 Bd6 24.f4 Bb4 25.Bc3 Bxc3 26.Rxc3 Ra8 27.Rc1 Rb8 28.Rc3 Ra8 29.Rc1 Nh5
30.Rf1 Ng3 31.Re1 Rb8 32.Re3 Nf5 33.Nc6 Nxe3 34.Nxb8 Nxg2 35.Kf2 Nxf4 36.Ke3 g5
37.Nc6 h5 38.Bd1 Kf8 39.b4 Bf5 40.b5 Bxh3 41.b6 Bc8 42.Na5 Ke7 43.b7 Bxb7
44.Nxb7 f5 45.Nc5 h4 46.Bf3 h3 47.Bh1 Kd6 48.Nb7+ Ke7 49.Kf3 Ne6 50.Kg3 Nxd4
51.Kxh3 Ne6 52.Kg3 Nf4 53.Kf3 Kd7 54.Ke3 Kc7 55.Nc5 Kd6 56.Nb3 Ne6 57.Nd4 f4+
58.Kd3 Nc5+ 59.Ke2 g4 60.Nf5+ Ke5 61.Nh6 g3 62.Ng4+ Kf5 63.Nh6+ Kg6 64.Kf3 Kxh6
65.Kxf4 Ne4 66.Bxe4 dxe4 67.Kxg3 Kg5 68.Kf2 Kf4 69.Ke2 e3 70.Ke1 Kf3 71.Kf1 e2+
72.Ke1 Ke3  1/2-1/2

[Event "Cup Russia"]
[Site "Serpukhov RUS"]
[Date "2007.11.06"]
[Round "1.6"]
[White "Kokarev,Dm"]
[Black "Korotylev,A"]
[Result "0-1"]
[WhiteElo "2550"]
[BlackElo "2600"]

1.e4 e5 2.Nf3 Nc6 3.Bb5 a6 4.Ba4 Nf6 5.O-O Be7 6.Re1 b5 7.Bb3 d6 8.c3 O-O
9.h3 Bb7 10.d4 Re8 11.Nbd2 Bf8 12.Bc2 g6 13.b3 d5 14.dxe5 Nxe5 15.Nxe5 Rxe5
16.f4 Bc5+ 17.Kh2 Re8 18.e5 Nh5 19.Nf3 Bf2 20.g4 Bxe1 21.Qxe1 d4 22.Nxd4 Qd5
23.Qg1 Ng7 24.Be3 Ne6 25.Rd1 Rad8 26.Nf5 Qf3 27.Rf1 Qd5 28.Rd1 Qc6 29.Rxd8 Nxd8
30.Nh6+ Kg7 31.f5 Qxc3 32.Kg3 Rxe5  0-1

[Event "Open"]
[Site "Liberec CZE"]
[Date "2007.11.10"]
[Round "1"]
[White "Duda,A"]
[Black "Dadello,A"]
[Result "0-1"]
[WhiteElo "2052"]
[BlackElo "1785"]

1.e4 e5 2.Nf3 Nc6 3.Bb5 a6 4.Ba4 Nf6 5.O-O b5 6.Bb3 Be7 7.Re1 O-O 8.c3 d6
9.h3 Bb7 10.d4 exd4 11.cxd4 Re8 12.Nc3 h6 13.Nh2 Bf8 14.Ng4 Na5 15.Bc2 Nc4
16.b3 Nb6 17.Qf3 Nxg4 18.hxg4 Qd7 19.Bb2 d5 20.e5 Bb4 21.g5 Qc6 22.e6 fxe6
23.Bg6 Rf8 24.Qh5 Bxc3 25.Bxc3 Qxc3 26.Rac1 Qxd4 27.Rxc7 Qxf2+ 28.Kh2 Qf4+
29.Kg1 Qxc7 30.Rxe6 Qc1+ 31.Kh2 Nd7 32.Bh7+ Kh8 33.gxh6 Qf4+ 34.Kh1 g5 35.Bd3 Qh4+
36.Qxh4 gxh4 37.Re7 Rfd8 38.Rh7+ Kg8 39.Rg7+ Kf8 40.Bg6 Ne5 41.Bf5 Nf7 42.Be6 Nxh6
43.Rxb7 d4 44.Rh7 d3 45.Rxh6 d2 46.Bg4 d1=Q+ 47.Bxd1 Rxd1+ 48.Kh2 Kg7 49.Rb6 Ra1
50.Rb7+ Kf6  0-1

[Event "TCh-FIN 2007-8"]
[Site "Finland FIN"]
[Date "2007.11.17"]
[Round "4"]
[White "Nieminen,K"]
[Black "Myller,J"]
[Result "1-0"]
[WhiteElo "2203"]
[BlackElo "2158"]

1.e4 e5 2.Nf3 Nc6 3.Bb5 a6 4.Ba4 Nf6 5.O-O Be7 6.Re1 b5 7.Bb3 d6 8.c3 O-O
9.h3 Bb7 10.d4 Re8 11.Ng5 Rf8 12.Nf3 Re8 13.Nbd2 Bf8 14.d5 Na5 15.Bc2 c6
16.b4 Nc4 17.Nxc4 bxc4 18.dxc6 Bxc6 19.Bg5 h6 20.Bxf6 Qxf6 21.Qe2 Qe6 22.a4 g6
23.Rad1 Rad8 24.Nh2 d5 25.exd5 Rxd5 26.Nf1 Bg7 27.Ne3 Rxd1 28.Rxd1 e4 29.Nxc4 Bxc3
30.Rd6 Qc8 31.Bb3 Kg7 32.Qc2 Bxb4 33.Nb6 Qf5 34.Rxc6 Rd8 35.Nc4 Be7 36.Ne3 Qa5
37.Qc3+ Qxc3 38.Rxc3 Rd3 39.Rxd3 exd3 40.Bc4 d2 41.Bxa6 Kf6 42.Bc4 Bc5 43.Nd1  1-0

[Event "WYb14"]
[Site "Kemer TUR"]
[Date "2007.11.19"]
[Round "2"]
[White "Farid,F"]
[Black "Sethuraman,S"]
[Result "0-1"]
[WhiteElo "2142"]
[BlackElo "2427"]

1.e4 e5 2.Nf3 Nc6 3.Bb5 a6 4.Ba4 Nf6 5.O-O Be7 6.Re1 b5 7.Bb3 d6 8.c3 O-O
9.h3 Bb7 10.d4 Re8 11.Ng5 Rf8 12.Nf3 h6 13.a4 Re8 14.Nbd2 Bf8 15.Bc2 Qd7
16.d5 Ne7 17.Nf1 c6 18.dxc6 Bxc6 19.Ng3 Ng6 20.axb5 axb5 21.Rxa8 Rxa8 22.Nf5 Nxe4
23.Bxe4 Bxe4 24.Nxh6+ gxh6 25.Rxe4 d5 26.Re1 Bg7 27.Be3 Kh7 28.Re2 Qc6 29.Rd2 Rd8
30.b4 f5 31.Bc5 f4 32.Ra2 Rd7 33.Qa1 Qf6 34.Ra7 Qf7 35.Qa6 Rxa7 36.Bxa7 e4
37.Nd4 e3 38.Kf1 Qe7 39.Bc5 Qe4 40.Qa2 Qd3+ 41.Qe2 Qxc3 42.fxe3 fxe3 43.Nxb5 Qc1+
44.Qe1 e2+ 45.Kf2 Qf4+ 46.Kg1 Qc4 47.Nd6 Qd3 48.Kf2 Nf4 49.Nb5 Qd1  0-1

[Event "WYb14"]
[Site "Kemer TUR"]
[Date "2007.11.22"]
[Round "6"]
[White "Sjugirov,S"]
[Black "Sethuraman,S"]
[Result "1/2-1/2"]
[WhiteElo "2422"]
[BlackElo "2427"]

1.e4 e5 2.Nf3 Nc6 3.Bb5 a6 4.Ba4 Nf6 5.O-O Be7 6.Re1 b5 7.Bb3 d6 8.c3 O-O
9.h3 Bb7 10.d4 Re8 11.Ng5 Rf8 12.Nf3 Re8 13.Nbd2 Bf8 14.d5 Nb8 15.Nf1 Nbd7
16.N3h2 Nc5 17.Bc2 c6 18.b4 Ncd7 19.dxc6 Bxc6 20.Bg5 h6 21.Bxf6 Nxf6 22.Ng4 Nxg4
23.Qxg4 Bd7 24.Qf3 Rc8 25.Bb3 Be6 26.Rec1 Be7 27.Rc2 a5 28.Qd3 Bxb3 29.axb3 axb4
30.Ne3 Rxc3 31.Rxc3 bxc3 32.Qxc3 Qc8 33.Nd5 Qxc3 34.Nxc3 Rc8 35.Nxb5 Rb8
36.Nc3 Rxb3 37.Nd5 Bg5 38.Ra6 Rb1+ 39.Kh2 Re1 40.f3 h5  1/2-1/2

[Event "WYb18"]
[Site "Kemer TUR"]
[Date "2007.11.25"]
[Round "8"]
[White "Pruijssers,R"]
[Black "Polyakov,M"]
[Result "1-0"]
[WhiteElo "2408"]
[BlackElo "2296"]

1.e4 e5 2.Nf3 Nc6 3.Bb5 a6 4.Ba4 Nf6 5.O-O Be7 6.Re1 b5 7.Bb3 d6 8.c3 O-O
9.h3 Bb7 10.d4 Re8 11.a4 Bf8 12.Bg5 Na5 13.axb5 axb5 14.dxe5 dxe5 15.Qxd8 Rexd8
16.Rxa5 Rxa5 17.Nxe5 Rda8 18.Nxf7 c5 19.Nh6+ Kh8 20.Nf7+ Kg8 21.Nd8+ Bd5
22.Bxd5+ Nxd5 23.exd5 h6 24.Nc6 Ra1 25.Bf4 R8a6 26.Kf1 R1a2 27.Re2 Ra1 28.Re1 R1a2
29.Bc1 Ra1 30.Na3 b4 31.Nc2 Rb1 32.cxb4 cxb4 33.N2xb4 Raa1 34.Nd3 Bd6 35.Ke2 Kh7
36.Kd2 Ra8 37.Re6 Bf8 38.d6 Bxd6 39.Rxd6 Rba1 40.Kc2 Rc8 41.b4  1-0

[Event "67th ch-ITA"]
[Site "Martina Franca ITA"]
[Date "2007.11.27"]
[Round "5"]
[White "Bonafede,A"]
[Black "Genocchio,D"]
[Result "1/2-1/2"]
[WhiteElo "2279"]
[BlackElo "2433"]

1.e4 e5 2.Nf3 Nc6 3.Bb5 a6 4.Ba4 Nf6 5.O-O Be7 6.Re1 b5 7.Bb3 O-O 8.h3 d6
9.c3 Bb7 10.d4 Re8 11.Nbd2 Bf8 12.a3 h6  1/2-1/2

[Event "ch-GRE"]
[Site "Igoumenitsa GRE"]
[Date "2007.12.04"]
[Round "4"]
[White "Kotronias,V"]
[Black "Galopoulos,N"]
[Result "1-0"]
[WhiteElo "2614"]
[BlackElo "2172"]

1.e4 e5 2.Nf3 Nc6 3.Bb5 a6 4.Ba4 Nf6 5.O-O Be7 6.Re1 b5 7.Bb3 d6 8.c3 O-O
9.h3 Bb7 10.d4 Re8 11.Nbd2 Bf8 12.a4 h6 13.Bc2 exd4 14.cxd4 Nb4 15.Bb1 c5
16.d5 Nd7 17.Ra3 c4 18.axb5 axb5 19.Nd4 Qb6 20.Nf5 Ne5 21.Rg3 g6 22.Nf3 Ned3
23.Be3 Qd8 24.Bd4 Bc8 25.b3 Nxe1 26.Nxe1 Kh7 27.bxc4 bxc4 28.Kh2 Nd3 29.Nxd3 Rxe4
30.Nb2 Bxf5 31.Bxe4 Bxe4 32.Nxc4 Bf5 33.Rf3 Qh4 34.Ne3 Qe4 35.g4 Ra4 36.Qxa4 Qxf3
37.gxf5 Qxf2+ 38.Ng2 Qxf5 39.Qc6 g5 40.Bb2 Qg6 41.Ne3 Bg7 42.Bxg7 Kxg7 43.Qc3+ Kh7
44.Kg3 h5 45.Qc8 Kg7 46.Qf5 Qf6 47.Kf3 Qe7 48.Ke2 Qd8 49.Kd3 Qe7 50.Qf3  1-0

[Event "Parsvnath ch-Commonwealth"]
[Site "New Delhi IND"]
[Date "2007.12.08"]
[Round "8"]
[White "Sangma,R"]
[Black "Sai,KG"]
[Result "1-0"]
[WhiteElo "2318"]
[BlackElo "2167"]

1.e4 e5 2.Nf3 Nc6 3.Bb5 a6 4.Ba4 Nf6 5.O-O Be7 6.Re1 b5 7.Bb3 d6 8.c3 O-O
9.h3 Bb7 10.d4 Re8 11.Ng5 Rf8 12.Nf3 Re8 13.a4 Bf8 14.Nbd2 g6 15.Bc2 Bg7
16.Bd3 exd4 17.Nxd4 Ne5 18.Bc2 c5 19.Ne2 d5 20.f4 Nc4 21.Nxc4 dxc4 22.e5 Nd5
23.axb5 axb5 24.Rxa8 Qxa8 25.Ng3 f5 26.Qe2 Nc7 27.h4 Qd8 28.h5 Qh4 29.Qf2 Ne6
30.hxg6 hxg6 31.Ne2 Qh5 32.Ng3 Qh4 33.Nf1 Qh6 34.Rd1 Bf8 35.Be3 Re7 36.Qg3 Kh8
37.Rd6 Bc8 38.Rb6 Bd7 39.Bd1 Rh7 40.Rb8 Kg7 41.Rb7 Kh8 42.Nh2 Bc6 43.Rb6 Bd7
44.Rb8 Re7 45.Bf3 Re8 46.Rb6 Be7 47.Bd5 Nf8 48.Nf3 Rd8 49.Qh2 Kg7 50.Rb7 Qxh2+
51.Nxh2 Kh6 52.Bf3 Bh4 53.Bxc5 Bc8 54.Rb8 Nd7 55.Rxb5 Ba6 56.Ra5 Nxc5 57.Rxc5 Bg3
58.Rc6 Bb5 59.Rc5 Ba6 60.Rd5 Rb8 61.Rd6 Bb5 62.Rd4 g5 63.fxg5+ Kxg5 64.Bd1 Bxe5
65.Nf3+ Kf6 66.Rd5 Bc6 67.Nxe5 Bxd5 68.Nd7+ Kg5 69.Nxb8 Kf4 70.Kf2 Bxg2 71.Kxg2 Ke3
72.b3 Kd3 73.bxc4 Kxc4 74.Bf3 Kxc3 75.Nc6 Kd3 76.Kf2 f4 77.Ne7 Kd2 78.Nd5 Kd3
79.Ke1 Kc2 80.Ke2 Kc1 81.Kd3 Kb2 82.Nxf4 Kb3 83.Nd5 Kb2 84.Bd1 Kc1 85.Bc2 Kb2
86.Nf4 Kc1 87.Ne2+ Kb2 88.Kd2 Ka2 89.Kc3 Ka3 90.Nd4 Ka2 91.Nb3 Ka3 92.Bb1 Ka4
93.Nd4 Ka5 94.Kc4 Kb6 95.Nb5 Kc6 96.Bf5 Kb6 97.Be4 Ka5 98.Kc5 Ka4 99.Bc2+ Ka5
100.Nd6 Ka6 101.Bd1 Ka5 102.Nb7+ Ka6 103.Kc6 Ka7 104.Kc7 Ka6 105.Be2+ Ka7
106.Nd6 Ka8 107.Bf1 Ka7 108.Nc8+ Ka8 109.Bg2+  1-0

[Event "50th It"]
[Site "Reggio Emilia ITA"]
[Date "2008.01.05"]
[Round "8"]
[White "Almasi,Z"]
[Black "Navara,D"]
[Result "1-0"]
[WhiteElo "2691"]
[BlackElo "2656"]

1.e4 e5 2.Nf3 Nc6 3.Bb5 a6 4.Ba4 Nf6 5.O-O Be7 6.Re1 b5 7.Bb3 d6 8.c3 O-O
9.h3 Bb7 10.d4 Re8 11.Nbd2 Bf8 12.d5 Nb8 13.Nf1 Nbd7 14.N3h2 Nc5 15.Bc2 c6
16.b4 Ncd7 17.dxc6 Bxc6 18.Bg5 Qc7 19.Bxf6 Nxf6 20.Ng4 Be7 21.Nxf6+ Bxf6
22.Bb3 a5 23.bxa5 Rxa5 24.Qf3 Bd7 25.Ne3 Be6 26.Nd5 Bxd5 27.Bxd5 Rc8 28.Re3 Qd7
29.Rd1 Bd8 30.Qh5 Bb6 31.Rf3 Rf8 32.Bxf7+ Rxf7 33.Rxd6 Qa7 34.Qxf7+ Qxf7
35.Rxf7 Kxf7 36.Rxb6 g5 37.g3 h5 38.Kf1 h4 39.Kg2 Rxa2 40.Rxb5 Kf6 41.Rb6+ Ke7
42.gxh4 gxh4 43.Rh6 Rc2 44.Rxh4 Rxc3 45.Rh5 Ke6 46.Rf5 Rc4 47.f3 Rc2+ 48.Kg3 Rc1
49.h4 Rg1+ 50.Kh2 Rg6 51.Kh3 Rg8 52.h5 Rg1 53.Kh4 Rh1+ 54.Kg5 Rg1+ 55.Kh6 Rg3
56.Kh7 Rg2 57.h6 Rg3 58.Kh8  1-0

[Event "XXXIII Open"]
[Site "Sevilla ESP"]
[Date "2008.01.06"]
[Round "2"]
[White "Korneev,O"]
[Black "Perez Garcia,Rob"]
[Result "1-0"]
[WhiteElo "2645"]
[BlackElo "2153"]

1.e4 e5 2.Nf3 Nc6 3.Bb5 a6 4.Ba4 Nf6 5.O-O Be7 6.Re1 b5 7.Bb3 d6 8.c3 O-O
9.h3 Bb7 10.d4 Re8 11.Nbd2 Bf8 12.d5 Nb8 13.Nf1 Nbd7 14.N3h2 Nc5 15.Bc2 c6
16.dxc6 Bxc6 17.Bg5 h6 18.Bxf6 Qxf6 19.Ng4 Qg5 20.Ng3 g6 21.Qc1 Qxc1 22.Nf6+ Kh8
23.Raxc1 Re6 24.Nd5 Bxd5 25.exd5 Re7 26.h4 h5 27.b4 Nd7 28.Ne4 Ree8 29.c4 Rec8
30.cxb5 axb5 31.Bd3 Rxc1 32.Rxc1 Nb6 33.Bxb5 Rxa2 34.Rc7 Nxd5 35.Rxf7 Bg7
36.Rb7 Nxb4 37.Be8 Ra1+ 38.Kh2 Ra8 39.Bxg6 Nd3 40.Rd7 d5 41.Rxd5 Nf4 42.Rd6 Nxg6
43.Rxg6 Ra4 44.f3 Kh7 45.Rc6 Ra8 46.Kh3 Re8 47.Ng3  1-0

[Event "6th Parsvnath Open"]
[Site "New Delhi IND"]
[Date "2008.01.14"]
[Round "3"]
[White "Chowdhury,So"]
[Black "Babu,NS"]
[Result "0-1"]
[WhiteElo "2202"]
[BlackElo "2333"]

1.e4 e5 2.Nf3 Nc6 3.Bb5 a6 4.Ba4 Nf6 5.O-O Be7 6.Re1 b5 7.Bb3 d6 8.c3 O-O
9.h3 Bb7 10.d4 Re8 11.Nbd2 Bf8 12.a4 h6 13.Bc2 exd4 14.cxd4 Nb4 15.Bb1 c5
16.d5 Nd7 17.Ra3 c4 18.axb5 axb5 19.Nd4 Qb6 20.Nf5 Ne5 21.Rg3 g6 22.Nf3 Ned3
23.Be3 Qd8 24.Bxh6 Qf6 25.Qd2 Bc8 26.Bxf8 Kxf8 27.Qh6+ Kg8 28.Rf1 Rxe4 29.Nxd6 Rf4
30.Nxf7 Kxf7 31.Rxg6 Qxg6 32.Ne5+ Nxe5 33.Bxg6+ Nxg6 34.Re1 Nxd5 35.Qh7+ Kf6
36.Qg8 Nde7 37.Qd8 Rf5 38.Qb6+ Kf7 39.g4 Rd5 40.Qe3 Ra6 41.Qg3 Rf6 42.h4 Rd3
43.Re3 Rd1+ 44.Kh2 Bb7 45.f3 Rfd6 46.Re2 R6d2 47.Rxd2 Rxd2+ 48.Kg1 Rd4 49.h5 Nf4
50.Qh4 Bxf3 51.h6 Neg6 52.h7 Nxh4 53.h8=Q Rd1+ 54.Kf2 Nfg6 55.Qb8 Bxg4 56.Qxb5 Be6
57.Qb7+ Kf6 58.Qb8 Rd2+ 59.Ke3 Rd3+ 60.Ke2 Rb3 61.Qd8+ Kf7 62.Qc7+ Ne7 63.Qe5 Nhf5
64.Kf1 Re3  0-1

[Event "ch-BLR"]
[Site "Minsk BLR"]
[Date "2008.01.20"]
[Round "11"]
[White "Zhigalko,A"]
[Black "Azarov,S"]
[Result "1/2-1/2"]
[WhiteElo "2556"]
[BlackElo "2594"]

1.e4 e5 2.Nf3 Nc6 3.Bb5 a6 4.Ba4 Nf6 5.O-O Be7 6.Re1 b5 7.Bb3 d6 8.c3 O-O
9.h3 Bb7 10.d4 Re8 11.Nbd2 Bf8 12.d5 Nb8 13.Nf1 Nbd7 14.N3h2 Nc5 15.Bc2 c6
16.b4 Ncd7 17.dxc6 Bxc6 18.Bg5 h6 19.Bxf6 Nxf6 20.Ng4 Nxg4 21.Qxg4 Bd7 22.Qd1 Rc8
23.Re3 Be6 24.Bb3 Re7 25.Rd3 Rec7 26.Ne3 Rxc3 27.Rxc3 Rxc3 28.Nd5 Rc8 29.Kh2 Qg5
30.Qe2 h5 31.a4 bxa4 32.Rxa4 Rc1 33.Qe3 Qxe3 34.fxe3 Rc6 35.Kg3 Kh7 36.Bd1 Kh6
37.Be2 Bc8 38.h4  1/2-1/2

[Event "GMA1"]
[Site "Marianske Lazne CZE"]
[Date "2008.01.23"]
[Round "5"]
[White "Jansa,Vl"]
[Black "Talla,V"]
[Result "1/2-1/2"]
[WhiteElo "2486"]
[BlackElo "2419"]

1.e4 e5 2.Nf3 Nc6 3.Bb5 a6 4.Ba4 Nf6 5.O-O Be7 6.Re1 b5 7.Bb3 d6 8.c3 O-O
9.h3 Bb7 10.d4 Re8 11.Nbd2 Bf8 12.d5 Nb8 13.Nf1 Nbd7 14.N3h2 Nc5 15.Bc2 c6
16.b4 Ncd7 17.dxc6 Bxc6 18.Bg5 h6 19.Bxf6 Nxf6 20.Ng4 Nxg4 21.Qxg4 Bd7 22.Qf3 Rc8
23.Bb3 Be6 24.Rac1 Be7 25.Rc2 a5 26.Ne3 Bg5 27.bxa5 Bxe3 28.Rxe3 Qxa5 29.Rd3 Rc6
30.Qd1 Qc7 31.Qb1 Rc5 32.Bxe6 Rxe6 33.Qb3 Rc4 34.Re2 Qc6 35.Rd5 Rxc3 36.Qxb5 Qxb5
37.Rxb5 Re7 38.h4 h5 39.Rb8+ Kh7 40.Rb3 Rc1+ 41.Kh2 Rd1 42.Rb5  1/2-1/2

[Event "Winter Open"]
[Site "Belgrade SRB"]
[Date "2008.01.25"]
[Round "4"]
[White "Lovric,R"]
[Black "Cirovic,Z"]
[Result "1-0"]
[WhiteElo "2105"]
[BlackElo "1811"]

1.e4 e5 2.Nf3 Nc6 3.Bb5 a6 4.Ba4 Nf6 5.O-O Be7 6.Re1 b5 7.Bb3 d6 8.c3 O-O
9.h3 Bb7 10.d4 Re8 11.Nbd2 h6 12.Nf1 Bf8 13.Ng3 Na5 14.Bc2 c5 15.d5 Nc4 16.a4 Qb6
17.Bd3 Na5 18.b4 cxb4 19.cxb4 Nc4 20.Bxc4 bxc4 21.Be3 Qc7 22.Re2 h5 23.Bg5 Nh7
24.Nxh5 Nxg5 25.Nxg5 Qe7 26.Nf3 g6 27.Ng3 Bh6 28.Rc2 Rec8 29.Qe2 c3 30.Qd3 Qc7
31.Ra3 Qb6 32.Rb3 a5 33.b5 Rc5 34.Ne2 f5 35.Rbxc3 fxe4 36.Qxe4 Rxd5 37.Qxg6+ Bg7
38.Rc7  1-0

[Event "Velammal 45th National A ch-IND"]
[Site "Chennai IND"]
[Date "2008.02.03"]
[Round "1"]
[White "Bakre,T"]
[Black "Babu,NS"]
[Result "1/2-1/2"]
[WhiteElo "2459"]
[BlackElo "2333"]

1.e4 e5 2.Nf3 Nc6 3.Bb5 a6 4.Ba4 Nf6 5.O-O Be7 6.Re1 b5 7.Bb3 d6 8.c3 O-O
9.h3 Bb7 10.d4 Re8 11.Nbd2 Bf8 12.a3 g6 13.Ba2 Bg7 14.d5 Ne7 15.b4 a5 16.bxa5 Rxa5
17.Rb1 c6 18.dxc6 Nxc6 19.c4 b4 20.Qb3 Re7 21.axb4 Nxb4 22.Qxb4 Rxa2 23.Ba3 Qa8  1/2-1/2

[Event "Velammal 45th National A ch-IND"]
[Site "Chennai IND"]
[Date "2008.02.03"]
[Round "1"]
[White "Shashikant,K"]
[Black "Sethuraman,S"]
[Result "0-1"]
[WhiteElo "2316"]
[BlackElo "2424"]

1.e4 e5 2.Nf3 Nc6 3.Bb5 a6 4.Ba4 Nf6 5.O-O Be7 6.Re1 b5 7.Bb3 d6 8.c3 O-O
9.h3 Bb7 10.d4 Re8 11.Nbd2 Bf8 12.d5 Nb8 13.Nf1 Nbd7 14.N3h2 Nc5 15.Bc2 c6
16.b4 Ncd7 17.dxc6 Bxc6 18.Bg5 h6 19.Bxf6 Nxf6 20.Ng4 Nxg4 21.Qxg4 Bd7 22.Qf3 Rc8
23.Bb3 Be6 24.Rad1 Re7 25.Rd3 Rec7 26.Rc1 Bc4 27.Bxc4 Rxc4 28.a3 a5 29.Ne3 axb4
30.axb4 Rxb4 31.Nd5 Rb2 32.Ra1 Ra8 33.Rxa8 Qxa8 34.Qf5 g6 35.Rg3 Qa1+ 36.Kh2 Qa7
37.Nf6+ Kg7 38.Ne8+ Kg8 39.Nf6+ Kg7 40.Ne8+ Kh8 41.Qf6+ Kg8 42.Nxd6 Rxf2
43.Nxb5 Qc5 44.Qa6 Rf1 45.Nd4 exd4 46.Qxf1 Bd6 47.cxd4 Qxd4 48.Qf3 Qd2 49.h4 Qe1
50.Kh3 Qh1+ 51.Kg4 h5+ 52.Kg5 Qc1+ 53.Kf6 Qb2+ 54.Qc3 Qf2+ 55.Qf3 Qxg3  0-1

[Event "TCh-BEL 2007-8"]
[Site "Belgium BEL"]
[Date "2008.02.10"]
[Round "8"]
[White "Allaert,D"]
[Black "Hartung,J"]
[Result "0-1"]
[WhiteElo "2067"]
[BlackElo "2170"]

1.e4 e5 2.Nf3 Nc6 3.Bb5 a6 4.Ba4 Nf6 5.O-O Be7 6.Re1 b5 7.Bb3 d6 8.c3 O-O
9.h3 Bb7 10.d4 Re8 11.Nbd2 Bf8 12.a4 Na5 13.Ba2 c5 14.d5 c4 15.Nf1 Nd7 16.Be3 Qc7
17.Bb1 Nb3 18.Ra3 Ndc5 19.axb5 axb5 20.Rxa8 Rxa8 21.N1d2 Ra1 22.Nxb3 Nxb3
23.Qe2 Nc5 24.Rd1 Be7 25.Ne1 Ra8 26.f4 exf4 27.Bxf4 Bf6 28.Nf3 Re8 29.Nd4 Bxd4+
30.Rxd4 Nd7 31.Rd1 f6 32.Bc2 Ra8 33.Qg4 Re8 34.Rf1 Ne5 35.Qg3 Qa5 36.Kh2 Ba6
37.h4 Kh8 38.h5 Bc8 39.Qh4 Qd8 40.Kh1 Qe7 41.Ra1 Nd3 42.Bxd3 cxd3 43.Re1 Bf5
44.Bxd6 Qxd6 45.exf5 Rxe1+ 46.Qxe1 Qe5 47.Qf2 Qe2 48.Kg1 Qe5 49.Kf1 h6 50.d6 Qxd6
51.Qd4 Qg3 52.b3 Kh7 53.c4 b4 54.c5 Qg5 55.Qxd3 Qc1+ 56.Ke2 Qxc5 57.Qc4 Qe5+
58.Kd3 Qxf5+ 59.Qe4 Qxe4+ 60.Kxe4 g6 61.Kd4 gxh5 62.Kc4 f5 63.Kxb4 f4 64.Kc3 f3
65.gxf3 h4  0-1

[Event "Velammal 45th National A ch-IND"]
[Site "Chennai IND"]
[Date "2008.02.11"]
[Round "9"]
[White "Konguvel,P"]
[Black "Babu,NS"]
[Result "1/2-1/2"]
[WhiteElo "2394"]
[BlackElo "2333"]

1.e4 e5 2.Nf3 Nc6 3.Bb5 a6 4.Ba4 Nf6 5.O-O Be7 6.Re1 b5 7.Bb3 d6 8.c3 O-O
9.h3 Bb7 10.d4 Re8 11.Nbd2 Bf8 12.a4 h6 13.Bc2 exd4 14.cxd4 Nb4 15.Bb1 c5
16.d5 Nd7 17.Ra3 c4 18.Nd4 Qf6 19.N2f3 Nd3 20.Bxd3 b4 21.Rb3 cxb3 22.Nxb3 Ne5
23.Nxe5 dxe5 24.Be3 a5 25.Re2 Rec8  1/2-1/2

[Event "2nd Int Open Congress"]
[Site "Brentwood ENG"]
[Date "2008.02.16"]
[Round "3"]
[White "Radovanovic,J"]
[Black "Wallis,I"]
[Result "1-0"]
[WhiteElo "2340"]
[BlackElo "1952"]

1.e4 e5 2.Nf3 Nc6 3.Bb5 a6 4.Ba4 Nf6 5.O-O Be7 6.Re1 b5 7.Bb3 d6 8.c3 O-O
9.h3 Bb7 10.d3 Re8 11.Nbd2 Bf8 12.Nf1 Na5 13.Bc2 c5 14.Ng3 g6 15.d4 Nc6 16.d5 Nb8
17.b3 Nbd7 18.Bg5 h6 19.Be3 Bg7 20.a4 Kh7 21.Bd3 bxa4 22.Rxa4 Nb6 23.Ra2 a5
24.Bb5 Rf8 25.c4 Qc7 26.Bd2 Ra7 27.Rxa5 Rxa5 28.Bxa5 Ra8 29.Qd2 Ng8 30.Rc1 Ne7
31.b4 Ba6 32.bxc5 Qxc5 33.Bb4 Qc7 34.c5 Bxb5 35.cxd6 Qd7 36.dxe7 Nc4 37.Qc3 Ra2
38.Ra1 Qa7 39.Rxa2 Qxa2 40.Nd2 Nxd2 41.Qxd2 Qb1+ 42.Kh2 f5 43.d6 f4 44.d7 fxg3+
45.fxg3 Bxd7 46.Qxd7 Qxe4 47.e8=Q  1-0

[Event "79th ch-GER"]
[Site "Bad Woerishofen GER"]
[Date "2008.02.23"]
[Round "9"]
[White "Grimberg,B"]
[Black "Pajeken,W"]
[Result "1/2-1/2"]
[WhiteElo "2261"]
[BlackElo "2351"]

1.e4 e5 2.Nf3 Nc6 3.Bb5 a6 4.Ba4 Nf6 5.O-O Be7 6.Re1 b5 7.Bb3 d6 8.c3 O-O
9.h3 Bb7 10.d4 Re8 11.Nbd2 Bf8 12.a4 h6 13.Bc2 g6 14.Bd3 exd4 15.axb5 dxc3
16.bxc3 axb5 17.Rxa8 Qxa8 18.Bxb5 Re7 19.Bb2 Na7 20.c4 Bg7 21.e5 dxe5 22.Bxe5 Nxb5
23.cxb5 Qe8 24.Bxc7 Rxe1+  1/2-1/2

[Event "Breizh Masters B"]
[Site "Guingamp FRA"]
[Date "2008.02.25"]
[Round "4"]
[White "Ringoir,T"]
[Black "Koziak,V"]
[Result "0-1"]
[WhiteElo "2229"]
[BlackElo "2481"]

1.e4 e5 2.Nf3 Nc6 3.Bb5 a6 4.Ba4 Nf6 5.O-O Be7 6.Re1 b5 7.Bb3 d6 8.c3 O-O
9.h3 Bb7 10.d4 Qd7 11.Nbd2 Rfe8 12.Nf1 h6 13.Ng3 Bf8 14.Bc2 g6 15.b3 Bg7
16.d5 Ne7 17.c4 c5 18.a4 Nh7 19.Rb1 b4 20.Nh2 h5 21.Nf3 Bf6 22.Be3 Kh8 23.Qd2 Ng8
24.Rbd1 Qe7 25.Qe2 Rf8 26.Nh2 Bg5 27.a5 Rae8 28.Nf3 Bxe3 29.Qxe3 Bc8 30.Nh2 Qg5
31.Nf3 Qd8 32.Ra1 h4 33.Nf1 f5 34.N3h2 f4 35.Qd3 Ngf6 36.Bd1 Ng5 37.Nd2 Rg8
38.Kh1 Ref8 39.Ra2 Rf7 40.Kg1 Bd7 41.Ndf3 Nxf3+ 42.Bxf3 g5 43.Ng4 Nxg4 44.hxg4 Qc8
45.Qe2 Rh7 46.Kh2 h3 47.gxh3 Rg6 48.Kg2 Kg7 49.Rh1 Rgh6 50.Qd3 Bxg4 51.Bxg4 Qxg4+
52.hxg4 Rxh1 53.Rb2 R7h2+ 54.Kf3 Rh3+ 55.Ke2 Rxd3 56.Kxd3 Rg1 57.f3 Rf1 58.Ke2 Ra1
59.Kd2 Rxa5 60.Kc2 Ra3 61.Rb1 a5 62.Kb2 a4 63.bxa4 Rxf3 64.Ra1 Ra3  0-1

[Event "ch-UKR Boys u20"]
[Site "Odessa UKR"]
[Date "2008.03.06"]
[Round "2"]
[White "Tukhaev,A"]
[Black "Kravtsiv,M"]
[Result "1-0"]
[WhiteElo "2524"]
[BlackElo "2516"]

1.e4 e5 2.Nf3 Nc6 3.Bb5 a6 4.Ba4 Nf6 5.O-O Be7 6.Re1 b5 7.Bb3 d6 8.c3 O-O
9.h3 Bb7 10.d3 Nb8 11.Nbd2 Nbd7 12.Nf1 Nc5 13.Bc2 Re8 14.Ng3 Bf8 15.b4 Ncd7
16.a4 c5 17.bxc5 dxc5 18.axb5 axb5 19.Rb1 b4 20.Bb3 h6 21.Bb2 Rc8 22.Rc1 Qb6
23.cxb4 cxb4 24.Rxc8 Bxc8 25.Qa1 Bc5 26.d4 exd4 27.e5 Nh7 28.Qa2 Kh8 29.Bxf7 b3
30.Qa4 Re7 31.Bxb3 d3 32.Ne4 Bb7 33.Qc4 Re8 34.Nd6 Bxd6 35.exd6 Rxe1+ 36.Nxe1 Nhf6
37.Nxd3 Ba6 38.Qc3 Bxd3 39.Qxd3 Nc5 40.Qc4 Nxb3 41.Bxf6 gxf6 42.Qc8+ Kg7
43.Qc7+  1-0

[Event "XXIII Open"]
[Site "Reykjavik ISL"]
[Date "2008.03.10"]
[Round "8"]
[White "Hagesaether,E"]
[Black "Nemcova,Kat"]
[Result "0-1"]
[WhiteElo "2234"]
[BlackElo "2342"]

1.e4 e5 2.Nf3 Nc6 3.Bb5 a6 4.Ba4 Nf6 5.O-O Be7 6.Re1 b5 7.Bb3 O-O 8.h3 d6
9.c3 Bb7 10.d4 Re8 11.Nbd2 Bf8 12.a4 h6 13.d5 Nb8 14.Nf1 Nbd7 15.Bc2 c6 16.dxc6 Bxc6
17.Ng3 Nc5 18.a5 Qc7 19.b4 Ne6 20.Bb2 Qb7 21.Nh2 Ng5 22.f3 d5 23.h4 Ne6 24.exd5 Nxd5
25.Qe2 Rad8 26.Rad1 Bd6 27.Be4 Bb8 28.Bxd5 Bxd5 29.Bc1 Qc7 30.Ngf1 Qxc3 31.Qb2 Qc4
32.g3 Ba7+ 33.Be3 Nd4 34.Rc1 Qd3 35.Rc3 Qf5 36.Qf2 Rc8 37.Rxc8 Rxc8 38.g4 Qd3
39.Qd2 Qxd2 40.Nxd2 Nc2  0-1

[Event "ch-UKR Boys u20"]
[Site "Odessa UKR"]
[Date "2008.03.11"]
[Round "7"]
[White "Kononenko,Dmitry1"]
[Black "Polyakov,M"]
[Result "1-0"]
[WhiteElo "2484"]
[BlackElo "2305"]

1.e4 e5 2.Nf3 Nc6 3.Bb5 a6 4.Ba4 Nf6 5.O-O Be7 6.Re1 b5 7.Bb3 d6 8.c3 O-O
9.h3 Bb7 10.d4 Re8 11.Nbd2 Bf8 12.a4 h6 13.d5 Na5 14.Ba2 c6 15.b4 Nc4 16.Nxc4 bxc4
17.Bxc4 cxd5 18.Bxd5 Nxd5 19.exd5 e4 20.Nh2 Qc7 21.Qb3 Rac8 22.Bb2 f5 23.Rac1 Be7
24.f4 Bh4 25.Re3 Bf6 26.Nf1 Qc4 27.Qxc4 Rxc4 28.Re2 Bxd5 29.Rd1 Be6 30.Rxd6 a5
31.Ne3 Rcc8 32.b5 Bxc3 33.Bxc3 Rxc3 34.Ra6 Ra3 35.Rxa5 Bb3 36.Nxf5 Rxa4 37.Rxa4 Bxa4
38.Rb2 Rb8 39.Nd4 e3 40.Rb4 Bd1 41.b6 Rb7 42.Kf1 Kf8 43.Ne6+ Ke7 44.Nc5 Rb8
45.b7 Bc2 46.Ke2  1-0

[Event "Isbank Ataturk Women's Masters"]
[Site "Istanbul TUR"]
[Date "2008.03.15"]
[Round "5"]
[White "Hou Yifan"]
[Black "Zhao Xue"]
[Result "1/2-1/2"]
[WhiteElo "2527"]
[BlackElo "2517"]

1.e4 e5 2.Nf3 Nc6 3.Bb5 a6 4.Ba4 Nf6 5.O-O Be7 6.Re1 b5 7.Bb3 d6 8.c3 O-O
9.h3 Bb7 10.d4 Re8 11.a4 h6 12.Nbd2 exd4 13.cxd4 Nb4 14.Qe2 Bf8 15.e5 dxe5
16.dxe5 Nd3 17.Rd1 c5 18.Qf1 Nh7 19.axb5 axb5 20.Rxa8 Bxa8 21.Nc4 Be4 22.Na3 Qb8
23.Rxd3 Bxd3 24.Bxf7+ Kxf7 25.Qxd3 Qd8 26.Qxh7 Qd1+ 27.Kh2 Qxc1 28.Nxb5 Qf4+
29.Kg1 Qc1+ 30.Kh2 Qf4+ 31.Kg1 Rd8 32.Qc2 Kg8 33.Na3 Qf7 34.Nc4 Qd5 35.Nfd2 Be7
36.g3 Qe6 37.Kg2 Rd4 38.h4 Qd5+ 39.Kf1 Qe6 40.Ne3 Bf8 41.Ndc4 Rd7 42.Qe4 Rd4
43.Qc2 Qc6 44.Ke2 Qe6 45.Kf1 Qc6 46.Ke2 Qe6  1/2-1/2

[Event "ch-Siberia"]
[Site "Novokuznetsk RUS"]
[Date "2008.03.20"]
[Round "8"]
[White "Buldaev,N"]
[Black "Dashibalov,E"]
[Result "0-1"]
[WhiteElo "2206"]
[BlackElo "2408"]

1.e4 e5 2.Nf3 Nc6 3.Bb5 a6 4.Ba4 Nf6 5.O-O Be7 6.Re1 b5 7.Bb3 d6 8.c3 O-O
9.h3 Bb7 10.d4 Re8 11.Ng5 Rf8 12.Nf3 Re8 13.Nbd2 Bf8 14.d5 Ne7 15.Nf1 Ng6
16.N3h2 Nd7 17.Ng4 Nc5 18.Bc2 c6 19.g3 cxd5 20.exd5 Qc8 21.Nge3 e4 22.b4 Na4
23.Bxa4 bxa4 24.Qd4 Qxh3 25.Nc4 Ne5 26.Nxe5 Rxe5 27.c4 Rh5  0-1